| 000 | 00696nam a2200205 a 4500 | ||
|---|---|---|---|
| 999 |
_c5954 _d5954 |
||
| 001 | 5954 | ||
| 003 | CDMR | ||
| 005 | 20211228120426.0 | ||
| 008 | 130220s2009||||||||||||||||||||||||||||d | ||
| 020 | _a9788492542154 | ||
| 040 |
_aCDMR _bcat _cCDMR |
||
| 100 | 1 |
_aVinader I Sánchez, Xavier _92970 |
|
| 245 | 1 | 0 |
_aPeriodisme i compromís _cXavier Vinader i Sánchez ; edició [...] Jaume Busqué i Barceló ; pròleg Antoni Segura i Mas |
| 260 |
_aCatarroja _bAfers |
||
| 260 |
_aBarcelona _bCentre d'Estudis Històrics Internacionals _c2009 |
||
| 300 |
_a239 p ; _c17 cm |
||
| 490 | 0 |
_aEls papers del Pavelló de la República _v6 |
|
| 700 | 1 |
_94027 _aBusqué i Barceló, Jaume _eed. |
|
| 942 |
_cMON _2udc |
||